Estudio de Tiempo y Movimiento

Bibliographic Details
Main Author: Mundel, Marvin E.
Format: Section = Libro
Language:Undetermined
Spanish
Published: México CECSA 1984
Subjects:
LEADER 00463nam a2200181Ia 4500
008 240829s9999 xx 000 0 und d
020 |a 968-26-0450-8 
040 |a BIBLIOTECA-RUPAP 621.7 M965 
041 |a spa 
082 |a 621.7 M965 
100 1 |a Mundel, Marvin E. 
245 1 0 |a Estudio de Tiempo y Movimiento 
260 |a México  |b CECSA  |c 1984 
300 |a 799 p. :il. 
650 7 |a INGENIERIA INDUSTRIAL. I. Tít. 
942 |c BK  |2 ddc 
991 |a TEXTO 
999 |c 8194